Constitución política del Estado Libre y Soberano de México : (Record no. 97595)
[ view plain ]
| 000 -CABECERA | |
|---|---|
| campo de control de longitud fija | 01272nam a22003377a 4500 |
| 003 - IDENTIFICADOR DEL NÚMERO DE CONTROL | |
| campo de control | CHAP |
| 005 - FECHA Y HORA DE LA ÚLTIMA TRANSACCIÓN | |
| campo de control | 20240503095210.0 |
| 008 - DATOS DE LONGITUD FIJA--INFORMACIÓN GENERAL | |
| campo de control de longitud fija | 100223s2008 mx a r 00010 spa d |
| 010 ## - NÚMERO DE CONTROL DE LA BIBLIOTECA DEL CONGRESO | |
| Número de control de LC | 97595 |
| 011 ## - ENLACE DEL NUMERO DE CONTROL DE LA BIBLIOTECA DEL CONGRESO [OBSOLETO] | |
| Número de control de LC | 98567 |
| 020 ## - NÚMERO INTERNACIONAL ESTÁNDAR DEL LIBRO | |
| Número Internacional Estándar del Libro | 9789707016781 |
| 035 ## - NÚMERO DE CONTROL DEL SISTEMA | |
| Número de control de sistema | 109252 |
| 040 ## - FUENTE DE LA CATALOGACIÓN | |
| Centro/agencia transcriptor | CHAP |
| 082 14 - NÚMERO DE LA CLASIFICACIÓN DECIMAL DEWEY | |
| Número de clasificación | 342.72 |
| Número de documento/Ítem | M47 2008 |
| 245 10 - MENCIÓN DE TÍTULO | |
| Título | Constitución política del Estado Libre y Soberano de México : |
| Resto del título | texto constitucional vigente con su traducción a lenguas indígenas originarias |
| Mención de responsabilidad, etc. | /por LVl Legislatura del Estado de México |
| 300 ## - DESCRIPCIÓN FÍSICA | |
| Extensión | 487 p. : |
| Otras características físicas | ilus. + 3 CD ROM (4 3/4 plg.) |
| 500 ## - NOTA GENERAL | |
| Nota general | Los CDs contienen el audio en lenguas indigenas originarias: mazahua,otomí y matlatzinca |
| 650 14 - PUNTO DE ACCESO ADICIONAL DE MATERIA--TÉRMINO DE MATERIA | |
| Término de materia o nombre geográfico como elemento de entrada | México (Edo.) |
| Subdivisión general | Constitución. |
| 9 (RLIN) | 76826 |
| 650 14 - PUNTO DE ACCESO ADICIONAL DE MATERIA--TÉRMINO DE MATERIA | |
| Término de materia o nombre geográfico como elemento de entrada | México (Edo.) |
| Subdivisión general | Leyes. |
| 9 (RLIN) | 76834 |
| 650 14 - PUNTO DE ACCESO ADICIONAL DE MATERIA--TÉRMINO DE MATERIA | |
| Término de materia o nombre geográfico como elemento de entrada | México (Edo.) |
| Subdivisión general | Política y gobierno. |
| 9 (RLIN) | 76837 |
| 942 ## - ELEMENTOS DE PUNTO DE ACCESO ADICIONAL (KOHA) | |
| Tipo de ítem Koha | Libro |
| Fuente del sistema de clasificación o colocación | Dewey Decimal Classification |
| 130 1# - ENTRADA PRINCIPAL--TÍTULO UNIFORME | |
| Título uniforme | México (Edo.). Leyes, decretos, etc. |
| 9 (RLIN) | 76852 |
| 260 ## - PUBLICACIÓN, DISTRIBUCIÓN, ETC. | |
| Lugar de publicación, distribución, etc. | Toluca, Méx. : |
| Nombre del editor, distribuidor, etc. | Poder Legislativo, |
| Fecha de publicación, distribución, etc. | 2008 |
| 590 ## - NOTA LOCAL (RLIN) | |
| Nota local | BATCH-UPD |
| Procedencia (VM) [OBSOLETO] | 10 |
| Condición del los carretes individuales (VM) [OBSOLETO] | 20130110 |
| 590 ## - NOTA LOCAL (RLIN) | |
| Nota local | BATCH-UPD |
| Procedencia (VM) [OBSOLETO] | 10 |
| Condición del los carretes individuales (VM) [OBSOLETO] | 20130410 |
| 590 ## - NOTA LOCAL (RLIN) | |
| Nota local | BATCH-UPD |
| Procedencia (VM) [OBSOLETO] | 10 |
| Condición del los carretes individuales (VM) [OBSOLETO] | 20130914 |
| 590 ## - NOTA LOCAL (RLIN) | |
| Nota local | CONVERSION |
| Procedencia (VM) [OBSOLETO] | 10 |
| Condición del los carretes individuales (VM) [OBSOLETO] | 20130109 |
| 901 ## - ELEMENTOS DE DATOS A LOCAL LDA (RLIN) | |
| a | BK |
| 911 ## - EQUIVALENCIA O REFERENCIA-CRUZADA-NOMBRE DE CONFERENCIA O REUNIÓN/CONGRESO [LOCAL, CANADÁ] | |
| Nombre de congreso/reunión o jurisdicción como elemento de entrada | en proceso |
| 949 ## - PROCESAMIENTO DE INFORMACIÓN LOCAL (OCLC) | |
| a | 342.72 M47 2008 |
| b | BC |
| c | C |
| d | 33724002105009 |
| e | C |
| g | I.c/e |
| h | 111971 |
| i | 109252 |
| s | b |
| Estado de retiro | Estado de pérdida | Fuente del sistema de clasificación o colocación | Estado dañado | Restricciones de uso | No para préstamo | Código de colección | Localización permanente | Ubicación/localización actual | Ubicación en estantería | Fecha de adquisición | Fuente de adquisición | Información codificada de la localización en otra ubicación | Total de préstamos | Signatura topográfica completa | Código de barras | Fecha visto por última vez | Precio válido a partir de | Tipo de ítem Koha | Nota pública |
|---|---|---|---|---|---|---|---|---|---|---|---|---|---|---|---|---|---|---|---|
| Dewey Decimal Classification | Préstamo interno | Consulta | Biblioteca Central | Biblioteca Central | Planta alta - Coleción Consulta | 31/12/2019 | I.c/e | LIBRO | 342.72 M47 2008 | 33724002105009 | 31/12/2019 | 31/12/2019 | Libro | ||||||
| Dewey Decimal Classification | Préstamo interno | Material multimedia | Biblioteca Central | Biblioteca Central | Planta Principal - Área de préstamo - Mat. Multimedia | 31/12/2019 | I.c/e | 342.72 M47 2008 otomí | 33724002588025 | 03/05/2024 | 03/05/2024 | CD | Material complementario | ||||||
| Dewey Decimal Classification | Préstamo interno | Material multimedia | Biblioteca Central | Biblioteca Central | Planta Principal - Área de préstamo - Mat. Multimedia | 31/12/2019 | I.c/e | 342.72 M47 2008 mazahua | 33724002588049 | 03/05/2024 | 03/05/2024 | CD | Material complementario | ||||||
| Dewey Decimal Classification | Préstamo interno | Material multimedia | Biblioteca Central | Biblioteca Central | Planta Principal - Área de préstamo - Mat. Multimedia | 31/12/2019 | I.c/e | 342.72 M47 2008 matlatzinca | 33724002588037 | 03/05/2024 | 03/05/2024 | CD | Material complementario |
